000 00964nam a2200301Ia 4500
005 20220317001746.0
008 170328s2015 c g 000 0 s
020 _a9789584241788
020 _a9584241788
041 _aspa
082 0 4 _a070.44
_bC17n
100 1 _aCastro Caycedo, Germán
_d1940-
245 1 0 _aNuestra guerra ajena
_cGermán Castro Caycedo
250 _a2a. edición
300 _a395 páginas
_c24 cm
500 _aIncluye datos biográficos del autor
521 _aRecomendado desde los 15 años
650 1 4 _2LEMB
_aControl de drogas y narcóticos
_zColombia
650 1 4 _2LEMB
_aNarcotráfico
_zColombia
650 1 4 _2LEMB
_aCrónicas colombianas
651 4 _aColombia
_xRelaciones con estados unidos
_990140
942 _2ddc
_cBK
264 _aBogotá
_bPlaneta
_c2015
336 _atexto
_btxt
_2rdacontent
337 _asin mediación
_bn
_2rdamedia
338 _avolumen
_bnc
_2rdacarrier
040 _aCO-BoRNBP
_bspa
_erda
_cCO-BoRNBP
999 _c7994
_d7994